Metodología y práctica del desarrollo de la comunidad
-д хадгалсан:
| Үндсэн зохиолч: | |
|---|---|
| Формат: | Ном |
| Хэл сонгох: | испани |
| Хэвлэсэн: |
Buenos Aires, Argentina
Hvmanitas
1982
|
| Хэвлэл: | 10a. ed |
| Цуврал: | Desarrollo Social,
1 |
| Нөхцлүүд: | |
| Шошгууд: |
Шошго нэмэх
Шошго байхгүй, Энэхүү баримтыг шошголох эхний хүн болох!
|
MARC
| LEADER | 00000nam a2200000 a 4500 | ||
|---|---|---|---|
| 001 | UCR3260 | ||
| 003 | CL-VaPUC | ||
| 005 | 20250128085044.0 | ||
| 008 | 980124e19820000AG |||||||||||||||||spa|d | ||
| 999 | |c 266355 |d 266353 | ||
| 040 | |c Pontificia Universidad Católica de Valparaíso | ||
| 082 | 0 | 4 | |a 361.2 AND 1982 |2 21 |
| 100 | |a Ander-Egg, Ezequiel |e autor |9 563263 | ||
| 245 | 1 | 0 | |a Metodología y práctica del desarrollo de la comunidad |
| 250 | |a 10a. ed | ||
| 260 | 0 | 3 | |a Buenos Aires, Argentina |b Hvmanitas |c 1982 |
| 300 | |a 192 páginas | ||
| 490 | 0 | |a Desarrollo Social, |v 1 | |
| 583 | |a last modification |c 19980124 00:00:00 |k Rodrigo Vera | ||
| 650 | 0 | |a Desarrollo de la comunidad |9 267505 | |
| 650 | 0 | |a Comunidades |x Acción comunitaria |9 337024 | |
| 650 | 0 | |a Desarrollo económico y social |9 256320 | |
| 650 | 0 | |a Países en desarrollo |9 259663 | |
| 942 | |c BK |2 ddc | ||
| 945 | |d 19980124 00:00:00 |a crobeson | ||
| 952 | |0 0 |1 0 |2 ddc |4 0 |6 361_200000000000000_AND_1982 |7 0 |8 A |9 297874 |a BIBGIM |b BIBGIM |d 2019-11-20 |i 1938835 |o 361.2 AND 1982 |p 1938835 |r 2025-01-15 |t 1 |w 2019-11-20 |y BK |k SSL | ||